=LDR 00000nam 2200000 4500 =001 INLIS000000000028836 =005 20201208101537 =035 ##$$a 0010-061300000028836 =008 201208################g##########0#ind## =041 ##$$a Ind =082 ##$$a 324.2 =090 ##$$a 324.2, Kaz l =100 1#$$a Kazhim, Musa =245 1#$$a 5 partai dalam timbangan PAN - PBB - PDI-Perjuangan - PKB - PPP analisis dan prospek /$c Musa Kazhim; Alfian Hamzah =260 ##$$a Bandung :$b Pustaka Hidayah,$c 1999 =300 ##$$a 359 hlm ; $c 25 x 17 cm =650 #4$$a Partai - Indonesia =850 ##$$a NBPNMAT =020 ##$$a 979-9109-17-5 =084 ##$$a 324.2 KAZ l =250 ##$$a cet.1 =990 ##$$a 00054097